000 00823nam a2200229 a 4500
001 36753
003 BD-RjUL
005 20211209052533.0
008 140828s19801978ii |||| |||| 000 0 ben d
020 _cTk. 10.00
035 _a(BD-RjUL)36855
040 _aBD-RjUL
_bben
_cBD-RjUL
041 _aben
082 _a782.42162
_bRAL 1980
100 _aরায়, অন্নদাশঙ্কর
_9112112
245 1 0 _aলালন ও তাঁর গান /
_cঅন্নদাশঙ্কর রায়
260 _aকলকাতা :
_bশৈব্যা প্রকাশন বিভাগ,
_c১৯৭৮ [মুদ্রণ ১৯৮০]
300 _axii, ৮৪ পৃ. ;
_c২২ সেমি.
650 _aলোক সঙ্গীত
_9112113
650 _aFolk Songs
_9112114
942 _2ddc
_cBK
_01
999 _c36753
_d36753